000
00465nam a2200169Ia 4500
008
090711s9999 xx 000 0 und d
082
_b
3071
100
_a
हवलदार गणेश रा.
245
_a
मेघदूत
260
_c
1950
300
_a
28
600
_a
हवलदार गणेश रा.
630
_a
मेघदूत
700
_a
हवलदार गणेश रा.
730
_a
मेघदूत
942
_c
BOOK
999
_c
288839
_d
288839